| Tag |
First Indicator |
Second Indicator |
Subfields |
| LEADER |
00000cam a2200000I 4500 |
| 001 |
in00002784899 |
| 005 |
20151202171857.0 |
| 008 |
760807s1963 dcubd b f000 0 eng |
| 010 |
|
|
|a gs 63000334
|
| 035 |
|
|
|a (OCoLC)ocm02359975
|
| 035 |
|
|
|a (OCoLC)2359975
|
| 040 |
|
|
|a DLC
|c CSU
|d IAS
|d OCL
|d OCLCQ
|d OCLCG
|d CLU
|d NRU
|d UtOrBLW
|
| 049 |
|
|
|a TXAM
|
| 050 |
0 |
4 |
|a QE75
|b .P9 no.379
|
| 082 |
0 |
4 |
|a 557.3
|b U58p no. 379
|
| 086 |
0 |
|
|a I 19.16:379
|
| 100 |
1 |
|
|a Denny, Charles Storrow,
|d 1911-
|
| 245 |
1 |
0 |
|a Surficial geology and soils of the Elmira-Williamsport region, New York and Pennsylvania /
|c by Charles S. Denny and Walter H. Lyford. With a section Forest regions and great soil groups, by John C. Goodlett and Walter H. Lyford.
|
| 264 |
|
1 |
|a Washington :
|b U.S. Govt. Print. Off,
|c 1963.
|
| 300 |
|
|
|a 60 pages :
|b maps (part color) diagrams, tables. ;
|c 29 cm.
|
| 336 |
|
|
|a text
|b txt
|2 rdacontent
|
| 337 |
|
|
|a unmediated
|b n
|2 rdamedia
|
| 338 |
|
|
|a volume
|b nc
|2 rdacarrier
|
| 490 |
1 |
|
|a Geological Survey (U.S.). Professional paper ;
|v 379
|
| 500 |
|
|
|a "Prepared cooperatively by the Geological Survey and the Soil Conservation Service."
|
| 500 |
|
|
|a Part of illustraive matter fold. in pocket.
|
| 504 |
|
|
|a Bibliography: pages 58-60.
|
| 650 |
|
0 |
|a Geology
|z Elmira-Williamsport Region.
|
| 650 |
|
0 |
|a Soils
|z Elmira-Williamsport Region.
|
| 650 |
|
0 |
|a Forest soils.
|
| 700 |
1 |
|
|a Lyford, Walter Henry,
|d 1909-
|e author.
|
| 710 |
1 |
|
|a United States.
|b Soil Conservation Service.
|
| 830 |
|
0 |
|a Professional paper (Geological Survey (U.S.)) ;
|v 379.
|
| 948 |
|
|
|a cataloged
|b h
|c 2012/12/14
|d c
|e mvaldespin
|f 01:28:32 pm
|
| 994 |
|
|
|a C0
|b TXA
|
| 999 |
|
|
|a MARS
|
| 999 |
f |
f |
|s 4ba9887d-6a79-3d57-af81-21ece808f864
|i a577c50b-b538-3735-8489-6f31a5cc2e93
|t 0
|
| 952 |
f |
f |
|p normal
|a Texas A&M University
|b College Station
|c Sterling C. Evans Library
|d Evans: US Documents (Annex 5th floor)
|t 0
|e I 19.16:379-381
|h Superintendent of Documents classification
|i unmediated -- volume
|m A14837789640
|
| 952 |
f |
f |
|a Texas A&M University
|b College Station
|c Sterling C. Evans Library
|d Evans: US Documents (Annex 5th floor)
|t 0
|e I 19.16:379-381
|h Superintendent of Documents classification
|
| 998 |
f |
f |
|a I 19.16:379-381
|t 0
|l Evans: US Documents (Annex 5th floor)
|